El niño y la educación: programa de desarrollo humano: niveles primaria y secundaria
Na minha lista:
| Autor principal: | |
|---|---|
| Formato: | Livro |
| Idioma: | espanhol |
| Publicado em: |
Ciudad de México
Trillas
1988
|
| Assuntos: | |
| Tags: |
Adicionar Tag
Sem tags, seja o primeiro a adicionar uma tag!
|
MARC
| LEADER | 00000nam a2200000 a 4500 | ||
|---|---|---|---|
| 001 | UCN1980 | ||
| 003 | CL-VaPUC | ||
| 008 | 010504e19880000MX |||||||||||||||||spa|d | ||
| 082 | 0 | 4 | |a 370.112 |b GON |2 21 |
| 100 | |a González Garza, Ana María |e author |9 457584 | ||
| 245 | 1 | 3 | |a El niño y la educación: programa de desarrollo humano: niveles primaria y secundaria |
| 300 | |a 381 p | ||
| 942 | |c BK | ||
| 945 | |d 20010504 00:00:00 |a cmena | ||
| 260 | |a Ciudad de México |b Trillas |c 1988 | ||
| 650 | 0 | |a Filosofía de la educación |9 258384 | |
| 650 | 7 | |a EDUCACION HUMANISTICA |2 CL-VaPUC |9 307323 | |
| 650 | 0 | |a Métodos de enseñanza |9 270413 | |
| 650 | 0 | |a Psicología educacional |9 307830 | |
| 583 | |a last modification |c 20170925 03:38:33 |k Rodrigo Vera | ||
| 999 | |c 295200 |d 295198 | ||
| 952 | |0 0 |1 0 |4 0 |6 370_112000000000000_GON_1988 |7 0 |8 A |9 348133 |a BIBEDU |b BIBEDU |d 2019-11-20 |i 3718093 |o 370.112 GON 1988 |p 3718093 |r 2019-11-20 |w 2019-11-20 |y BK |k EPE | ||